[Event "GER-ch U25-B"]
[Site "Willingen"]
[Date "2019.06.11"]
[Round "4"]
[White "Seliokaite, Ana"]
[Black "Ewerhardy, Moritz"]
[Result "1/2-1/2"]
[WhiteElo "1464"]
[BlackElo "1654"]
[PlyCount "47"]
[EventDate "2019.06.08"]
[EventType "swiss"]
[EventRounds "9"]
[EventCountry "GER"]
[SourceTitle "CBM 191 Extra"]
[Source "ChessBase"]
[SourceDate "2019.09.30"]
[SourceVersion "1"]
[SourceVersionDate "2019.09.30"]
[SourceQuality "1"]

1. c4 Nf6 2. Nc3 g6 3. e4 d6 4. g3 Bg7 5. Bg2 0-0 6. Nge2 c5 7. d3 Nc6 8. 0-0 a6 9. a3 Bd7 10. Rb1 Nd4 11. h3 Rb8 12. b4 b6 13. Nxd4 cxd4 14. Ne2 Ne8 15. f4 f5 16. Bb2 e5 17. exf5 Bxf5 18. Bd5+ Kh8 19. g4 Bc8 20. Qe1 Bb7 21. Bg2 Bxg2 22. Kxg2 Rb7 23. Qg3 Rbf7 24. Rf3 1/2-1/2

[Event "GER-ch U25-B"]
[Site "Willingen"]
[Date "2018.05.25"]
[Round "8"]
[White "Kublanov, Elizabeth"]
[Black "Ewerhardy, Moritz"]
[Result "1-0"]
[WhiteElo "1574"]
[BlackElo "1480"]
[PlyCount "49"]
[EventDate "2018.05.19"]
[EventType "swiss"]
[EventRounds "9"]
[EventCountry "GER"]
[SourceTitle "CBM 184 Extra"]
[Source "ChessBase"]
[SourceDate "2018.06.28"]
[SourceVersion "1"]
[SourceVersionDate "2018.06.28"]
[SourceQuality "1"]

1. d4 Nf6 2. Nf3 g6 3. b3 Bg7 4. Bb2 0-0 5. e3 d6 6. Bd3 Qe8 7. 0-0 Nbd7 8. Nbd2 e5 9. dxe5 dxe5 10. e4 Kh8 11. Nc4 Ng8 12. Nfd2 f5 13. exf5 gxf5 14. Be2 Ngf6 15. Nf3 Ne4 16. Re1 b5 17. Qd5 Rb8 18. Ncxe5 Nxe5 19. Bxe5 Nf6 20. Qc5 Rb7 21. Bd3 Qd7 22. Rad1 Qd5 23. Qxf8+ Bxf8 24. Bxf6+ Kg8 25. Bc4 1-0

[Event "GER-ch U25-B"]
[Site "Willingen"]
[Date "2018.05.23"]
[Round "5"]
[White "Ewerhardy, Moritz"]
[Black "Von Rosen, Jakob"]
[Result "0-1"]
[WhiteElo "1480"]
[BlackElo "1625"]
[PlyCount "88"]
[EventDate "2018.05.19"]
[EventType "swiss"]
[EventRounds "9"]
[EventCountry "GER"]
[SourceTitle "CBM 184 Extra"]
[Source "ChessBase"]
[SourceDate "2018.06.28"]
[SourceVersion "1"]
[SourceVersionDate "2018.06.28"]
[SourceQuality "1"]

1. d4 Nf6 2. c4 c5 3. dxc5 e6 4. Nc3 Bxc5 5. Nf3 0-0 6. a3 a5 7. b3 Nc6 8. e3 d5 9. cxd5 exd5 10. Nb5 Re8 11. Be2 Bf5 12. Bb2 Ne4 13. Nbd4 Nxd4 14. Nxd4 Bg6 15. 0-0 Rc8 16. Rc1 Qe7 17. Qe1 Bb6 18. Bf3 Nc5 19. Qd2 Be4 20. Bg4 Rc7 21. Nb5 Rc6 22. Nd4 Rg6 23. f3 Bxf3 24. Bxf3 Nxb3 25. Qd3 Nxc1 26. Bxc1 Qe5 27. Rf2 Bxd4 28. Qxd4 Qxd4 29. exd4 Rb6 30. Rf1 Rd6 31. Bf4 Rd7 32. Bd1 b5 33. Bd2 Ra7 34. Bf3 Rd8 35. Bg4 g6 36. Bg5 Rb8 37. Bf4 Rb6 38. Rb1 b4 39. axb4 Rxb4 40. Rxb4 axb4 41. Bd2 b3 42. Bc3 Rc7 43. Bb2 Rc2 44. Ba3 Ra2 0-1

[Event "GER-ch U12"]
[Site "Willingen"]
[Date "2016.05.15"]
[Round "1"]
[White "Ewerhardy, Moritz"]
[Black "Astner, Sebastian"]
[Result "0-1"]
[WhiteElo "1387"]
[BlackElo "1712"]
[PlyCount "86"]
[EventDate "2016.05.15"]
[EventType "swiss"]
[EventRounds "11"]
[EventCountry "GER"]
[SourceTitle "CBM 172 Extra"]
[Source "ChessBase"]
[SourceDate "2016.06.21"]
[SourceVersion "1"]
[SourceVersionDate "2016.06.21"]
[SourceQuality "1"]

1. d4 Nc6 2. c4 e5 3. e3 Bb4+ 4. Nc3 Nf6 5. a3 Bxc3+ 6. bxc3 d5 7. Bb2 e4 8. cxd5 Qxd5 9. c4 Qa5+ 10. Qd2 Qxd2+ 11. Kxd2 Bf5 12. Ne2 0-0-0 13. Ng3 Bg6 14. Be2 Ne7 15. Rhc1 h5 16. h3 Nf5 17. Nxf5 Bxf5 18. a4 Rh6 19. a5 a6 20. c5 c6 21. Bc3 Nd5 22. Bc4 Rg6 23. Rg1 Be6 24. Rab1 Rd7 25. f3 Nxc3 26. Kxc3 Bxc4 27. Kxc4 Re7 28. f4 f5 29. Rb2 Rg3 30. Re2 Kd7 31. Kc3 g5 32. Rf1 Ke6 33. Kd2 Rg7 34. fxg5 R3xg5 35. Rg1 Kd5 36. Kc3 f4 37. exf4 Rg3+ 38. Kb4 Kxd4 39. Rd1+ Rd3 40. Rc1 Rgg3 41. Rc4+ Kd5 42. Rb2 e3 43. Rcc2 Rd4+ 0-1

[Event "GER-chT Lands U20"]
[Site "Hannover"]
[Date "2015.10.07"]
[Round "7.4"]
[White "Ewerhardy, Moritz"]
[Black "Hesse, Henrik"]
[Result "0-1"]
[WhiteElo "1354"]
[BlackElo "1876"]
[PlyCount "126"]
[EventDate "2015.10.03"]
[EventType "team-swiss"]
[EventRounds "7"]
[EventCountry "GER"]
[SourceTitle "EXT 2017"]
[Source "ChessBase"]
[SourceDate "2016.10.25"]
[SourceVersion "1"]
[SourceVersionDate "2016.10.25"]
[SourceQuality "1"]
[WhiteTeam "Saarland (U20)"]
[BlackTeam "Berlin (U20)"]
[WhiteTeamCountry "GER"]
[BlackTeamCountry "GER"]

1. e4 Nf6 2. Nc3 d5 3. e5 d4 4. exf6 dxc3 5. bxc3 exf6 6. d4 Nc6 7. Nf3 Bg4 8. Be3 Bd6 9. Bc4 0-0 10. 0-0 f5 11. Be2 f4 12. Bd2 Re8 13. Re1 Qf6 14. Rb1 Rab8 15. h3 Bh5 16. Nh2 Bxe2 17. Rxe2 Na5 18. Rxe8+ Rxe8 19. Qf1 Qf5 20. c4 Nc6 21. c5 Bf8 22. c3 Na5 23. Rc1 b6 24. Qb5 Re6 25. Qa6 Nc6 26. Qc4 Rg6 27. Kh1 bxc5 28. dxc5 Qxc5 29. Qxf4 Bd6 30. Qe3 Re6 31. Qf3 Rf6 32. Be3 Qe5 33. Ng4 Rxf3 34. Nxe5 Rxe3 35. Nxc6 Re2 36. Rb1 f6 37. Nxa7 Rxa2 38. Nb5 Rxf2 39. Nxd6 cxd6 40. Rd1 Rc2 41. Rxd6 Rxc3 42. Kh2 Re3 43. g4 Kf7 44. Rd5 g5 45. Rf5 Re5 46. Rf3 Kg6 47. Kg3 Re6 48. Rf5 h5 49. Kf3 Re1 50. Kg2 h4 51. Kh2 Re5 52. Rxe5 fxe5 53. Kg2 e4 54. Kf2 Kf6 55. Ke2 Ke5 56. Ke3 Kd5 57. Ke2 Kd4 58. Kd2 e3+ 59. Ke1 Ke4 60. Ke2 Kf4 61. Ke1 Kg3 62. Ke2 Kxh3 63. Kxe3 Kxg4 0-1

[Event "GER-chT Lands U20"]
[Site "Hannover"]
[Date "2015.10.04"]
[Round "2.4"]
[White "Ewerhardy, Moritz"]
[Black "Riess, Alexander"]
[Result "0-1"]
[WhiteElo "1354"]
[BlackElo "2184"]
[PlyCount "46"]
[EventDate "2015.10.03"]
[EventType "team-swiss"]
[EventRounds "7"]
[EventCountry "GER"]
[SourceTitle "EXT 2017"]
[Source "ChessBase"]
[SourceDate "2016.10.25"]
[SourceVersion "1"]
[SourceVersionDate "2016.10.25"]
[SourceQuality "1"]
[WhiteTeam "Saarland (U20)"]
[BlackTeam "Schleswig Holstein (U20)"]
[WhiteTeamCountry "GER"]
[BlackTeamCountry "GER"]

1. e4 e6 2. d4 d5 3. e5 c5 4. c3 Qb6 5. Nf3 Nc6 6. Bd3 cxd4 7. cxd4 Bd7 8. Nc3 Nxd4 9. Nxd4 Qxd4 10. 0-0 a6 11. Kh1 Ne7 12. f4 Nc6 13. a3 g6 14. Qe2 Qb6 15. Rb1 Be7 16. f5 gxf5 17. Bh6 Rg8 18. Rfe1 Rg6 19. Qh5 Qd4 20. Rbd1 Qh4 21. Qxh4 Bxh4 22. g3 Bxg3 23. hxg3 Rxh6+ 0-1

[Event "GER-ch U12"]
[Site "Willingen"]
[Date "2015.05.29"]
[Round "9"]
[White "Ewerhardy, Moritz"]
[Black "Grund, Sebastian"]
[Result "0-1"]
[WhiteElo "1376"]
[BlackElo "1572"]
[PlyCount "88"]
[EventDate "2015.05.24"]
[EventType "swiss"]
[EventRounds "11"]
[EventCountry "GER"]
[SourceTitle "CBM 166 Extra"]
[Source "ChessBase"]
[SourceDate "2015.06.18"]
[SourceVersion "1"]
[SourceVersionDate "2015.06.18"]
[SourceQuality "1"]

1. e4 c5 2. Nf3 Nc6 3. d4 cxd4 4. Nxd4 g6 5. c4 Bg7 6. Be3 Nf6 7. Nc3 0-0 8. Be2 d6 9. 0-0 a5 10. f3 Nxd4 11. Bxd4 Nd7 12. Bxg7 Kxg7 13. Qd4+ Kg8 14. f4 Qb6 15. Qxb6 Nxb6 16. Nd5 Nxd5 17. cxd5 Bd7 18. Rac1 Rfc8 19. b3 b5 20. Kf2 b4 21. Ke3 e6 22. Bc4 Kf8 23. h3 Rc5 24. Rfd1 Rac8 25. dxe6 Bxe6 26. Rd4 d5 27. exd5 Bxd5 28. g3 a4 29. Kd2 Bxc4 30. Rdxc4 Rxc4 31. Rxc4 Rxc4 32. bxc4 Ke7 33. c5 Ke6 34. Kd3 Kd5 35. c6 Kxc6 36. Kc4 b3 37. axb3 axb3 38. Kxb3 Kd5 39. Kc3 Ke4 40. Kc4 Kf3 41. g4 Kxf4 42. Kd5 Kg3 43. Ke5 Kxh3 44. Kf6 Kxg4 0-1

[Event "GER-ch U10"]
[Site "Magdeburg"]
[Date "2014.06.11"]
[Round "6"]
[White "Pantsernaya, Sofya"]
[Black "Ewerhardy, Moritz"]
[Result "1-0"]
[WhiteElo "1320"]
[BlackElo "1190"]
[PlyCount "121"]
[EventDate "2014.06.08"]
[EventType "swiss"]
[EventRounds "11"]
[EventCountry "GER"]
[SourceTitle "CBM 160 Extra"]
[Source "ChessBase"]
[SourceDate "2014.07.01"]
[SourceVersion "1"]
[SourceVersionDate "2014.07.01"]
[SourceQuality "1"]

1. e4 c5 2. Nf3 d6 3. Bb5+ Bd7 4. Bxd7+ Qxd7 5. 0-0 Nc6 6. c3 Nf6 7. Re1 e6 8. d4 cxd4 9. cxd4 d5 10. e5 Ne4 11. Nbd2 Nxd2 12. Bxd2 Be7 13. Qc2 f6 14. Rad1 0-0 15. Re2 fxe5 16. Nxe5 Nxe5 17. Rxe5 Bf6 18. Re2 Bxd4 19. Bb4 Rfc8 20. Qb3 Bb6 21. Qh3 Qa4 22. Qb3 Qxb3 23. axb3 Rc6 24. g3 Kf7 25. Bc3 a5 26. Kg2 Bc5 27. Ra1 Rca6 28. Rc2 Be7 29. Be5 Rc6 30. Rac1 Rxc2 31. Rxc2 Bd8 32. f4 g6 33. g4 Bb6 34. Kg3 d4 35. Rd2 Rd8 36. Kf3 Ke7 37. Ke4 Rd7 38. Rd3 Ba7 39. Bxd4 Bxd4 40. Rxd4 Rxd4+ 41. Kxd4 Kd6 42. h4 h6 43. h5 gxh5 44. gxh5 b5 45. f5 Ke7 46. Ke5 exf5 47. Kxf5 Kf7 48. Ke5 b4 49. Kf5 Kg7 50. Ke6 Kg8 51. Kf6 Kh7 52. Kf7 Kh8 53. Kg6 Kg8 54. Kxh6 Kf7 55. Kg5 Kg7 56. h6+ Kh7 57. Kh5 Kh8 58. Kg6 Kg8 59. h7+ Kh8 60. Kh6 a4 61. bxa4 1-0

[Event "GER-ch U10"]
[Site "Oberhof"]
[Date "2013.05.19"]
[Round "2"]
[White "Grund, Sebastian"]
[Black "Ewerhardy, Moritz"]
[Result "1-0"]
[WhiteElo "1231"]
[BlackElo "1019"]
[PlyCount "87"]
[EventDate "2013.05.19"]
[EventType "swiss"]
[EventRounds "11"]
[EventCountry "GER"]
[SourceTitle "CBM 154 Extra"]
[Source "ChessBase"]
[SourceDate "2013.06.25"]
[SourceVersion "2"]
[SourceVersionDate "2013.06.25"]
[SourceQuality "1"]

1. c4 c5 2. e3 Nf6 3. Nc3 Nc6 4. d4 e6 5. Nf3 Be7 6. Be2 Qc7 7. a3 a5 8. Nb5 Qb6 9. Qb3 Qd8 10. Bd3 0-0 11. Bd2 b6 12. Qc2 Bb7 13. Ng5 g6 14. Ne4 Re8 15. Ned6 Rf8 16. Nxb7 Qc7 17. Nxc7 Ra7 18. Nxc5 bxc5 19. Nb5 Raa8 20. 0-0 Ne8 21. Be4 Rc8 22. Bxc6 Rxc6 23. Bxa5 Bf6 24. Bc3 Bg7 25. d5 exd5 26. Bxg7 Nxg7 27. cxd5 Rb6 28. Qxc5 Rf6 29. Qd4 Nh5 30. g4 Ra6 31. gxh5 gxh5 32. Kh1 f6 33. Rg1+ Kh8 34. d6 Rf7 35. Rac1 Ra8 36. Rc7 Rd8 37. Na7 h6 38. Rc8 Rxc8 39. Nxc8 Kh7 40. b4 Kh8 41. b5 Rf8 42. b6 Kh7 43. b7 Rf7 44. b8R 1-0

[Event "GER-ch U10"]
[Site "Oberhof"]
[Date "2012.05.30"]
[Round "7"]
[White "Ewerhardy, Moritz"]
[Black "Petrow, Jonas"]
[Result "1-0"]
[WhiteElo "832"]
[BlackElo "1067"]
[PlyCount "76"]
[EventDate "2012.05.27"]
[EventType "swiss"]
[EventRounds "11"]
[EventCountry "GER"]
[SourceTitle "CBM 148 Extra"]
[Source "ChessBase"]
[SourceDate "2012.06.22"]
[SourceVersion "1"]
[SourceVersionDate "2012.06.22"]
[SourceQuality "1"]

1. e4 c5 2. Nf3 Nc6 3. d4 cxd4 4. Nxd4 d6 5. Nc3 Nf6 6. Bg5 e6 7. Be2 Be7 8. Be3 0-0 9. 0-0 a6 10. Qd2 Qc7 11. Rab1 b5 12. b4 Bb7 13. Qd3 h6 14. Qd2 Rac8 15. Rb3 Nxb4 16. a3 Nc6 17. f4 Na5 18. Rbb1 Qxc3 19. Qc1 Bxe4 20. Bd1 Ng4 21. Bxg4 Bxc2 22. Nxc2 Qxc2 23. Bd2 Nb3 24. Qxc2 Rxc2 25. Bb4 Nd4 26. Kh1 Re8 27. Rfd1 Nc6 28. Bxd6 Rc8 29. f5 h5 30. Bf3 Bxd6 31. Rxd6 exf5 32. Bxh5 Re8 33. Bf3 Na5 34. Rxa6 Rb2 35. Rg1 Nc4 36. a4 Nd2 37. h3 Nxf3 38. gxf3 Ree2 1-0

[Event "GER-ch U10"]
[Site "Oberhof"]
[Date "2012.05.27"]
[Round "1"]
[White "Arnold, Leander"]
[Black "Ewerhardy, Moritz"]
[Result "1-0"]
[WhiteElo "1221"]
[BlackElo "832"]
[PlyCount "85"]
[EventDate "2012.05.27"]
[EventType "swiss"]
[EventRounds "11"]
[EventCountry "GER"]
[SourceTitle "CBM 148 Extra"]
[Source "ChessBase"]
[SourceDate "2012.06.22"]
[SourceVersion "1"]
[SourceVersionDate "2012.06.22"]
[SourceQuality "1"]

1. e4 e5 2. Nf3 Nc6 3. Bc4 Bc5 4. d3 d6 5. h3 h6 6. Nc3 Nf6 7. Be3 Bb6 8. 0-0 0-0 9. Qd2 Bxe3 10. fxe3 Ne8 11. d4 Na5 12. Bd3 Qf6 13. Nxe5 Qh4 14. Nf3 Qg3 15. Ne2 Qg6 16. Nf4 Qg3 17. Qxa5 b6 18. Qd5 Rb8 19. Ne2 Qg6 20. e5 Qe6 21. Qe4 f5 22. Qf4 Bd7 23. Nc3 c5 24. b3 Nc7 25. exd6 Nd5 26. Nxd5 Qxd5 27. Bc4 Bc6 28. Bxd5+ Bxd5 29. c4 Bb7 30. dxc5 bxc5 31. Ne5 Rbd8 32. Ng6 Rf6 33. Ne7+ Kh7 34. Nxf5 Bc8 35. Qe4 Re6 36. Qd3 g6 37. Ne7 Rdxd6 38. Rf7+ Kh8 39. Qc3+ Rf6 40. Rxf6 Rxf6 41. Qxf6+ Kh7 42. Qxg6+ Kh8 43. Qg8# 1-0